| 000 | 00501nam a2200181 a 4500 | ||
|---|---|---|---|
| 001 | 3486 | ||
| 003 | CDMR | ||
| 005 | 20131121175655.0 | ||
| 008 | 130130s1975||||be |||||||||||||||||fre|d | ||
| 040 |
_aCDMR _bcat _cCDMR |
||
| 245 | 0 | 0 |
_aSémiologie de la representation _b: teatre, télévision, bande dessinée _cAndré Helbo... [et al.] |
| 260 |
_aBruxelles _c1975 _bComplexe |
||
| 300 | _a195 p. | ||
| 490 | 0 | _aCreusets | |
| 650 | 0 | 4 |
_91282 _aSemiòtica |
| 700 | 1 |
_92464 _aHelbo, André |
|
| 942 |
_cMON _2udc |
||
| 999 |
_c3486 _d3486 |
||